History - European | 10 | 3 | 0 | 0 | 180 | 24 | 59.46 | 2 | 4 |
History - World | 4 | 6 | 0 | 0 | 120 | 15 | 69.60 | 0 | 3 |
History - Cross, Historiography, and Miscellaneous | 4 | 6 | 0 | 0 | 120 | 39 | 80.70 | 0 | 1 |
History - American | 2 | 6 | 0 | 0 | 90 | 27 | 77.88 | 1 | 1 |
Other - Other Academic and General Knowledge | 1 | 6 | 0 | 0 | 75 | 48 | 104.57 | 0 | 1 |
Geography - World | 1 | 3 | 0 | 0 | 45 | 43 | 76.75 | 0 | 0 |
RMP - Greco-Roman Mythology | 1 | 2 | 0 | 0 | 35 | 17 | 53.00 | 1 | 2 |
RMP - World Mythology | 1 | 2 | 0 | 0 | 35 | 48 | 77.00 | 0 | 0 |
RMP - Philosophy | 0 | 3 | 0 | 0 | 30 | 85 | 102.33 | 0 | 0 |
Geography - Europe | 1 | 1 | 0 | 0 | 25 | 59 | 59.50 | 0 | 1 |
Fine Arts - Sculpture | 0 | 2 | 0 | 0 | 20 | 74 | 80.00 | 0 | 1 |
Fine Arts - Painting | 0 | 2 | 0 | 0 | 20 | 114 | 121.50 | 0 | 0 |
RMP - Islam | 0 | 2 | 0 | 0 | 20 | 79 | 83.50 | 0 | 0 |
Literature - British | 1 | 0 | 0 | 0 | 15 | 36 | 36.00 | 0 | 0 |
Social Science - Other | 0 | 1 | 0 | 0 | 10 | 121 | 121.00 | 0 | 0 |
Fine Arts - Miscellaneous | 0 | 1 | 0 | 0 | 10 | 113 | 113.00 | 0 | 0 |
RMP - East Asian Religion | 0 | 1 | 0 | 0 | 10 | 71 | 71.00 | 0 | 0 |
Science - Biology | 0 | 1 | 0 | 0 | 10 | 120 | 120.00 | 0 | 0 |
Literature - World and Miscellaneous | 0 | 0 | 0 | 0 | 0 | | 0.00 | 0 | 0 |
Literature - European | 0 | 0 | 0 | 0 | 0 | | 0.00 | 0 | 0 |
Fine Arts - Music | 0 | 0 | 0 | 0 | 0 | | 0.00 | 0 | 0 |
Current Events - World | 0 | 0 | 0 | 0 | 0 | | 0.00 | 0 | 0 |
RMP - Buddhism | 0 | 0 | 0 | 0 | 0 | | 0.00 | 0 | 0 |
Current Events - U.S. | 0 | 0 | 0 | 0 | 0 | | 0.00 | 0 | 0 |